[Event "Tournoi Skype 030A"]
[Site "Skype"]
[Date "????.??.??"]
[Round "1.1"]
[White "Figueroa, Tomas"]
[Black "Junqueira, Leonardo De Faria"]
[Result "1-0"]
[WhiteElo "2093"]
[BlackElo "1408"]
[PlyCount "61"]

1. Nf3 Nc6 2. c4 Nf6 3. g3 d5 4. cxd5 Qxd5 5. Nc3 Qd8 6. Bg2 e6 7. O-O Be7 8.
d4 O-O 9. e4 Nd7 10. Be3 Rb8 11. Re1 b6 12. d5 exd5 13. exd5 Nb4 14. a3 Na6 15.
Nd4 Bb7 16. b4 Bf6 17. Qe2 Re8 18. Rad1 Bxd4 19. Rxd4 Nf6 20. Qc2 Qd7 21. h3
Rbd8 22. Red1 Qc8 23. Bg5 Re5 24. Bxf6 gxf6 25. Qc1 Rde8 26. Qh6 Rg5 27. Ne4
Rxe4 28. Bxe4 Rg7 29. Qxf6 c5 30. dxc6 Rxg3+ 31. fxg3 1-0

[Event "Tournoi Skype 030A"]
[Site "Skype"]
[Date "????.??.??"]
[Round "1.2"]
[White "Bagayatkar, Madan"]
[Black "Blasco, Raul"]
[Result "0-1"]
[WhiteElo "1405"]
[BlackElo "1978"]
[PlyCount "106"]

1. e4 g6 2. d4 Bg7 3. Nf3 d6 4. c3 Nd7 5. Bc4 Ngf6 6. Bxf7+ Kxf7 7. Ng5+ Kg8 8.
Qb3+ d5 9. e5 Nb6 10. Ne6 Bxe6 11. exf6 exf6 12. O-O Kf7 13. Nd2 Re8 14. Nf3
Qd7 15. Be3 c6 16. a4 Nc4 17. a5 Bg4 18. Nd2 Rxe3 19. Nxc4 dxc4 20. Qxc4+ Be6
21. Qb4 Re2 22. Rad1 Bf8 23. Qa4 Rxb2 24. d5 cxd5 25. Qxd7+ Bxd7 26. Rxd5 Be6
27. Rdd1 Rc8 28. Rc1 Ra2 29. Rb1 Rc7 30. Ra1 Rxa1 31. Rxa1 Rxc3 32. h3 Rc2 33.
a6 b5 34. Rd1 Ra2 35. Rd8 Rxa6 36. g4 b4 37. f4 b3 38. f5 gxf5 39. gxf5 Bxf5
40. Rb8 Rb6 41. Ra8 Rb7 42. Rd8 b2 43. Rd1 b1=Q 44. Rxb1 Rxb1+ 45. Kf2 Rb3 46.
h4 Bd6 47. h5 a5 48. h6 a4 49. Ke2 a3 50. Kd2 a2 51. Ke2 a1=R 52. Kd2 Ra2+ 53.
Kc1 Rb1# 0-1

[Event "Tournoi Skype 030A"]
[Site "Skype"]
[Date "????.??.??"]
[Round "1.3"]
[White "Hilton, Stephen"]
[Black "Ramirez Reina, Orlando"]
[Result "1/2-1/2"]
[WhiteElo "1865"]
[BlackElo "1402"]
[PlyCount "54"]

1. Nf3 Nf6 2. c4 g6 3. b3 Bg7 4. Bb2 d6 5. g3 O-O 6. Bg2 c6 7. O-O Nbd7 8. d3
Ne8 9. Bxg7 Kxg7 10. Nbd2 Nef6 11. Qc2 Re8 12. d4 e5 13. e4 exd4 14. Nxd4 Nf8
15. Rfe1 Ne6 16. N2f3 Nxd4 17. Nxd4 Bd7 18. h3 Qc8 19. Kh2 h5 20. Rad1 Qc7 21.
Qb2 Kg8 22. f4 Qd8 23. Nc2 Qe7 24. e5 dxe5 25. Rxe5 Qd8 26. Rxe8+ Nxe8 27. Qd4
Nf6 1/2-1/2

[Event "Tournoi Skype 030A"]
[Site "Skype"]
[Date "????.??.??"]
[Round "1.5"]
[White "Deville, Olivier"]
[Black "Hague, Mark"]
[Result "1-0"]
[WhiteElo "1767"]
[BlackElo "1395"]
[PlyCount "53"]

1. d4 Nf6 2. c4 d5 3. cxd5 c6 4. dxc6 Nxc6 5. e3 e5 6. dxe5 Qxd1+ 7. Kxd1 Nxe5
8. Bb5+ Bd7 9. Bxd7+ Nfxd7 10. Ke2 Rc8 11. Nc3 Bb4 12. Bd2 O-O 13. a3 Ba5 14.
b4 Bb6 15. Nd5 Rc2 16. Rc1 Ra2 17. Rc3 Nc6 18. Nf3 Rd8 19. Rhc1 a6 20. Nxb6
Nxb6 21. R1c2 Ra1 22. Bc1 Na4 23. Rd3 Rxd3 24. Kxd3 Rb1 25. Nd2 Nxb4+ 26. axb4
Rxb4 27. Rc8# 1-0

[Event "Tournoi Skype 030A"]
[Site "Skype"]
[Date "????.??.??"]
[Round "1.6"]
[White "Escudero Ocana, Francisco"]
[Black "Mayor Martinez, Juan Jose"]
[Result "0-1"]
[WhiteElo "1393"]
[BlackElo "1749"]
[PlyCount "42"]

1. e4 e5 2. Nf3 Nc6 3. Bc4 d6 4. h3 Be7 5. c3 Nf6 6. d3 O-O 7. Ng5 Na5 8. Nxf7
Rxf7 9. Bxf7+ Kxf7 10. Bg5 Be6 11. Bxf6 Bxf6 12. Qh5+ Kg8 13. Nd2 Nc6 14. O-O
Ne7 15. Nf3 Ng6 16. g3 Qd7 17. Kg2 Kf8 18. Qxh7 Kf7 19. Qh5 Rh8 20. Ng5+ Bxg5
21. Qxg5 Bxh3+ 0-1

[Event "Tournoi Skype 030A"]
[Site "Skype"]
[Date "????.??.??"]
[Round "1.7"]
[White "Rico Hernandez, Edgar"]
[Black "Couto, Januario"]
[Result "1-0"]
[WhiteElo "1748"]
[BlackElo "1387"]
[PlyCount "45"]

1. d4 f5 2. c4 Nf6 3. Nc3 g6 4. Nf3 Bg7 5. Bf4 d6 6. Rc1 c6 7. h3 Ne4 8. Qc2
Qa5 9. a3 Nxc3 10. Qxc3 Qxc3+ 11. bxc3 Nd7 12. e3 e5 13. Bg5 O-O 14. Be7 Re8
15. Bxd6 e4 16. Nd2 Nf6 17. Be2 Be6 18. O-O Rad8 19. Bg3 b5 20. cxb5 cxb5 21.
Bxb5 Re7 22. c4 Rc8 23. c5 1-0

[Event "Tournoi Skype 030A"]
[Site "Skype"]
[Date "????.??.??"]
[Round "1.8"]
[White "Abate, Leonardo"]
[Black "Grosso, Raul"]
[Result "0-1"]
[WhiteElo "1380"]
[BlackElo "1746"]
[PlyCount "28"]

1. e4 c5 2. Nf3 g6 3. d4 cxd4 4. Nxd4 Nc6 5. Be3 Bg7 6. c3 Nf6 7. f3 O-O 8. Qd2
d5 9. Bd3 Ne5 10. O-O Nxd3 11. Qxd3 dxe4 12. fxe4 e5 13. Nd2 exd4 14. cxd4 Ng4
0-1

[Event "Tournoi Skype 030A"]
[Site "Skype"]
[Date "????.??.??"]
[Round "1.9"]
[White "Pena, Eduin"]
[Black "Alarcon Alarcon, Florentina"]
[Result "1-0"]
[WhiteElo "1734"]
[BlackElo "1378"]
[PlyCount "85"]

1. e4 e5 2. Nc3 Nf6 3. f4 d6 4. Nf3 Bg4 5. Bc4 Bxf3 6. Qxf3 c6 7. O-O Nbd7 8.
Qg3 b5 9. Bb3 Qe7 10. fxe5 Qxe5 11. Qxe5+ dxe5 12. d3 Bc5+ 13. Kh1 O-O 14. h3
Nh5 15. Ne2 a5 16. a4 b4 17. g4 Nhf6 18. Ng3 h6 19. c3 bxc3 20. bxc3 Rae8 21.
Rb1 Kh7 22. Nf5 g5 23. Rf3 Kg6 24. Be3 Bxe3 25. Nxe3 h5 26. Rbf1 h4 27. Nc4 Rb8
28. Nxa5 c5 29. Bc4 Rb6 30. Nb3 Ra8 31. a5 Rd6 32. Kg2 Nb8 33. Nxc5 Ra7 34. d4
Nbd7 35. Nxd7 Raxd7 36. Bd3 Re7 37. a6 Rb6 38. dxe5 Rxe5 39. a7 Nxe4 40. a8=Q
Kg7 41. Bxe4 Rb2+ 42. Kg1 Re2 43. Rxf7+ 1-0

[Event "Tournoi Skype 030A"]
[Site "Skype"]
[Date "????.??.??"]
[Round "1.10"]
[White "Vasquez Cienfuegos, Oscar"]
[Black "Caputi, Giuliano"]
[Result "0-1"]
[WhiteElo "1370"]
[BlackElo "1728"]
[PlyCount "92"]

1. e4 e6 2. Nf3 d5 3. Nc3 d4 4. Nb1 c5 5. d3 Nc6 6. Be2 e5 7. O-O Be7 8. Nbd2
g5 9. Nc4 f6 10. h3 h5 11. Nh2 g4 12. hxg4 hxg4 13. Bxg4 b5 14. Bh5+ Kd7 15.
Na3 a6 16. c3 Kc7 17. cxd4 cxd4 18. f4 Bd6 19. f5 Qf8 20. Nc2 Nh6 21. Ng4 Nxg4
22. Qxg4 Bd7 23. Bd2 Be8 24. Bxe8 Rxe8 25. Rac1 Kb7 26. a3 Re7 27. Kf2 Rg7 28.
Qf3 Qg8 29. Rg1 Rh2 30. Ne1 Qb3 31. Rb1 Bxa3 32. Qd1 Qxd1 33. Rxd1 Bxb2 34. Nc2
Bc3 35. Bxc3 dxc3 36. Rb1 Rd7 37. Ke2 Nd4+ 38. Nxd4 Rxd4 39. Ke3 Kb6 40. Rbc1
b4 41. Rc2 a5 42. Rb1 Kb5 43. Rd1 a4 44. Kf2 a3 45. Kg1 Rh7 46. g3 Rc7 0-1

[Event "Tournoi Skype 030A"]
[Site "Skype"]
[Date "????.??.??"]
[Round "1.11"]
[White "Calcino, Luis"]
[Black "Carballo, Jorge"]
[Result "1-0"]
[WhiteElo "1694"]
[BlackElo "1367"]
[PlyCount "81"]

1. e4 e5 2. Nf3 Nc6 3. Nc3 Nf6 4. Bb5 d6 5. O-O Be7 6. d4 exd4 7. Nxd4 Bd7 8.
Nxc6 Bxc6 9. Bxc6+ bxc6 10. f4 O-O 11. Qf3 Qd7 12. h3 Rad8 13. g4 h6 14. g5
hxg5 15. fxg5 Nh7 16. h4 g6 17. Bf4 Rfe8 18. Rad1 Nf8 19. Rf2 Ne6 20. Be5 Bf8
21. Bf6 Be7 22. e5 Bxf6 23. gxf6 Nf8 24. Re2 Qf5 25. Qxf5 gxf5 26. exd6 Rxe2
27. Nxe2 Rxd6 28. Rxd6 cxd6 29. Nd4 c5 30. Nxf5 Nd7 31. Nxd6 Nxf6 32. a3 Nd5
33. Kf2 Kg7 34. Kf3 Kg6 35. h5+ Kxh5 36. Nxf7 Nb6 37. Ne5 Na4 38. Nc4 Kg5 39.
Ke4 Nb6 40. Nxb6 axb6 41. Kd5 1-0

[Event "Tournoi Skype 030A"]
[Site "Skype"]
[Date "????.??.??"]
[Round "1.12"]
[White "Davis, Michael"]
[Black "Lucena Vaz, Jose"]
[Result "0-1"]
[WhiteElo "1359"]
[BlackElo "1674"]
[PlyCount "88"]

1. e4 c5 2. Nf3 g6 3. c3 Bg7 4. d4 cxd4 5. cxd4 e6 6. Nc3 Nc6 7. Bf4 Qb6 8. Nb5
Qa5+ 9. Qd2 Qxd2+ 10. Kxd2 e5 11. Bxe5 Nxe5 12. Nxe5 Ke7 13. Nc7 Rb8 14. Nd5+
Ke8 15. Bc4 d6 16. Bb5+ Kf8 17. Nf3 Be6 18. Nc3 Nf6 19. Kd3 Ng4 20. Ke2 Ke7 21.
h3 Nf6 22. d5 Bd7 23. Bxd7 Nxd7 24. Rac1 Rhc8 25. Rhd1 Rc4 26. Nd2 Rc5 27. Nb3
Rc4 28. Nd2 Rc7 29. Nb5 Rxc1 30. Rxc1 Bxb2 31. Rc7 Kd8 32. Rc2 Be5 33. Nc4 Ke7
34. g3 g5 35. Nxe5 dxe5 36. d6+ Kd8 37. Rc7 a6 38. Nc3 b6 39. Nd5 Nc5 40. f3
Rb7 41. Rxb7 Nxb7 42. Nxb6 Nxd6 43. Nd5 h6 44. Nf6 Ke7 0-1

[Event "Tournoi Skype 030A"]
[Site "Skype"]
[Date "????.??.??"]
[Round "1.13"]
[White "Elias, Roberto"]
[Black "Perrone, Gabriel Lorenzo"]
[Result "1-0"]
[WhiteElo "1671"]
[BlackElo "1359"]
[PlyCount "41"]

1. e4 d6 2. f4 Nf6 3. e5 dxe5 4. fxe5 Nd5 5. c4 Nb6 6. d4 e6 7. Nf3 c5 8. Be3
Nc6 9. Nc3 Be7 10. d5 exd5 11. cxd5 Nb4 12. Bb5+ Bd7 13. d6 Bxb5 14. dxe7 Qxd1+
15. Rxd1 Bc6 16. Bxc5 Rc8 17. Bxb4 Nd5 18. Nxd5 f6 19. O-O Bb5 20. exf6 Bxf1
21. Ne5 1-0

[Event "Tournoi Skype 030A"]
[Site "Skype"]
[Date "????.??.??"]
[Round "1.14"]
[White "Pouteau, Pascal"]
[Black "Lambert, Pierre"]
[Result "0-1"]
[WhiteElo "1349"]
[BlackElo "1660"]
[PlyCount "32"]

1. d4 d5 2. c4 e6 3. Nc3 Nf6 4. Nf3 c6 5. Bf4 Bd6 6. Bg3 O-O 7. e3 Qc7 8. Be2
Nbd7 9. Qc2 e5 10. dxe5 Nxe5 11. Nd4 dxc4 12. h3 Nd3+ 13. Bxd3 cxd3 14. Bxd6
Qxd6 15. Qxd3 c5 16. Ncb5 Qd7 0-1

[Event "Tournoi Skype 030A"]
[Site "Skype"]
[Date "????.??.??"]
[Round "1.15"]
[White "Aravena, Alvaro"]
[Black "Marino, Giuseppe"]
[Result "0-1"]
[WhiteElo "1646"]
[BlackElo "1339"]
[PlyCount "90"]

1. e4 e5 2. Nf3 d6 3. Bc4 Be7 4. O-O Nf6 5. Nc3 c6 6. d4 exd4 7. Qxd4 O-O 8.
Rd1 Bg4 9. Qe3 Nbd7 10. h3 Bxf3 11. Qxf3 Ne5 12. Qe2 Nxc4 13. Qxc4 Qc7 14. Bf4
Rad8 15. Nb5 Qb8 16. Nxd6 Bxd6 17. Bxd6 Rxd6 18. Rxd6 Qxd6 19. Re1 Re8 20. f3
h6 21. Re3 Nh5 22. Rd3 Qc7 23. Rd5 Nf4 24. Rd2 Rd8 25. Qc3 Rxd2 26. Qxd2 a6 27.
a4 Qb6+ 28. Kh2 Qc7 29. g3 Nh5 30. f4 g5 31. e5 gxf4 32. gxf4 Qe7 33. Qg2+ Kf8
34. Qg4 Ng7 35. Qc8+ Ne8 36. Qf5 Qe6 37. Qh7 Qg6 38. Qxg6 fxg6 39. Kg3 Ke7 40.
Kg4 Ke6 41. h4 b6 42. b3 Nc7 43. h5 gxh5+ 44. Kxh5 Kf5 45. Kxh6 Kxf4 0-1

[Event "Tournoi Skype 030A"]
[Site "Skype"]
[Date "????.??.??"]
[Round "1.16"]
[White "Grib, Johannes"]
[Black "Garcia Andrinal, Antonio"]
[Result "1/2-1/2"]
[WhiteElo "1328"]
[BlackElo "1632"]
[PlyCount "124"]

1. e4 c5 2. Nf3 d6 3. Bc4 e6 4. a4 Nc6 5. c3 Nf6 6. d3 Be7 7. O-O d5 8. exd5
exd5 9. Ba2 O-O 10. Bf4 Bg4 11. h3 Bh5 12. g4 Bg6 13. Ne5 Nxe5 14. Bxe5 Bd6 15.
f4 Bxe5 16. fxe5 Nd7 17. d4 Be4 18. Nd2 cxd4 19. cxd4 Qh4 20. Nxe4 dxe4 21. Kg2
Qg5 22. Rc1 Nb6 23. Rc7 Rac8 24. Bxf7+ Kh8 25. Rxc8 Rxc8 26. Be6 Rd8 27. b3 Qe7
28. Bf5 Nd5 29. Qc1 e3 30. Qc2 Qg5 31. Kg3 Qe7 32. Bxh7 Nc7 33. Rf5 Ne8 34. Bg6
Rxd4 35. Bxe8 Qxe8 36. Rh5+ Kg8 37. Qh7+ Kf7 38. Qf5+ Ke7 39. Qg5+ Kd7 40. Qxe3
Rd1 41. Qxa7 Rd3+ 42. Kf4 Qf8+ 43. Rf5 Qb4+ 44. Kg5 Rxh3 45. Rf7+ Kc6 46. Qf2
Qe4 47. Qf5 Qe3+ 48. Qf4 Qd3 49. Rxg7 Rf3 50. Qc4+ Qxc4 51. bxc4 Rc3 52. Rg6+
Kd7 53. Kf6 Rf3+ 54. Kg7 Rc3 55. Rd6+ Ke7 56. Rd4 Ke6 57. Re4 Ra3 58. Rf4 Rxa4
59. Kg6 Kxe5 60. Rf5+ Ke6 61. g5 Rxc4 62. Rb5 Rc7 1/2-1/2

[Event "Tournoi Skype 030A"]
[Site "Skype"]
[Date "????.??.??"]
[Round "1.17"]
[White "Hadla, Mohammad Ali"]
[Black "Le Brun, Yves"]
[Result "0-1"]
[WhiteElo "1627"]
[BlackElo "1321"]
[PlyCount "48"]

1. e4 c6 2. d4 d5 3. Nc3 dxe4 4. Nxe4 Bf5 5. Qd3 e6 6. Nf3 Bb4+ 7. Bd2 Be7 8.
O-O-O Nf6 9. h3 Nxe4 10. g4 Nxf2 11. Qe2 Nxh1 12. gxf5 Ng3 13. Qe5 Nxf1 14.
Rxf1 Bf6 15. Qc5 Nd7 16. Qb4 Qc7 17. fxe6 fxe6 18. Re1 Kf7 19. Ne5+ Nxe5 20.
dxe5 Be7 21. Rf1+ Ke8 22. Qg4 Qxe5 23. Re1 h5 24. Qg3 Qxg3 0-1

[Event "Tournoi Skype 030A"]
[Site "Skype"]
[Date "????.??.??"]
[Round "1.18"]
[White "Lopes, Marcia Maria"]
[Black "Calderon, Francisco"]
[Result "0-1"]
[WhiteElo "1321"]
[BlackElo "1604"]
[PlyCount "94"]

1. d4 Nf6 2. Nf3 d5 3. Bf4 Bf5 4. e3 a6 5. c4 e6 6. Nc3 Bd6 7. Bg3 Nc6 8. a3
dxc4 9. Bxc4 b5 10. Be2 O-O 11. Bxd6 Qxd6 12. O-O Rfe8 13. Nh4 Ne7 14. Nf3 Rad8
15. Re1 Ng6 16. h3 Ne4 17. Nxe4 Bxe4 18. Rc1 Qe7 19. Qb3 Bd5 20. Qc3 Rc8 21. b4
f6 22. Bd1 Nf8 23. e4 Bb7 24. Bb3 Kh8 25. Re3 g5 26. Qd3 Red8 27. e5 f5 28. g3
h6 29. Ree1 Kg7 30. Ba2 Bxf3 31. Qxf3 Rxd4 32. Qc3 Qd7 33. Re2 Rd3 34. Qb2 Rd1+
35. Rxd1 Qxd1+ 36. Kh2 Rd8 37. Qc3 Qxe2 38. Qxc7+ Rd7 39. Qc6 Qxa2 40. Qf3 Ng6
41. Qe3 Qb2 42. h4 Qxe5 43. Qb6 gxh4 44. Qxa6 hxg3+ 45. fxg3 f4 46. Qc8 fxg3+
47. Kg2 Rd2+ 0-1

[Event "Tournoi Skype 030A"]
[Site "Skype"]
[Date "????.??.??"]
[Round "1.19"]
[White "Thoune, Jim"]
[Black "Kruk, Clementine"]
[Result "0-1"]
[WhiteElo "1598"]
[BlackElo "1313"]
[PlyCount "116"]

1. d4 d5 2. c4 e6 3. Nc3 Nf6 4. Nf3 c6 5. e3 Nbd7 6. cxd5 cxd5 7. Bd3 b6 8. O-O
Bb7 9. Bd2 Be7 10. Rc1 Rc8 11. Qe2 O-O 12. a3 Ne4 13. Ba6 Nd6 14. Bxb7 Nxb7 15.
Nb5 a6 16. Na7 Rxc1 17. Rxc1 Nd6 18. Nc6 Qe8 19. Nxe7+ Qxe7 20. Qxa6 Nc4 21.
Bb4 Nb8 22. Bxe7 Nxa6 23. Bxf8 Kxf8 24. Rc2 Ke7 25. Nd2 b5 26. Nxc4 bxc4 27.
Rc3 Kd6 28. f3 Nc7 29. e4 Nb5 30. Rc1 Nxd4 31. exd5 Ne2+ 32. Kf2 Nxc1 33. Ke3
Kxd5 34. Kd2 Nd3 35. b3 Nb2 36. b4 c3+ 37. Kxc3 Nc4 38. a4 Nb6 39. Kb3 Kc6 40.
a5 Nd5 41. Ka4 Nc3+ 42. Kb3 Nb5 43. Ka4 e5 44. Kb3 f5 45. Kc4 g5 46. a6 h5 47.
g3 e4 48. h4 gxh4 49. gxh4 exf3 50. Kd3 Kd5 51. Ke3 f2 52. Kxf2 Ke4 53. Ke2 f4
54. Kf2 f3 55. Kf1 Ke3 56. Ke1 f2+ 57. Kf1 Na7 58. Kg2 Ke2 0-1

[Event "Tournoi Skype 030A"]
[Site "Skype"]
[Date "????.??.??"]
[Round "1.20"]
[White "Pasasin, Alejandro"]
[Black "Gungor, Gokhan"]
[Result "0-1"]
[WhiteElo "1304"]
[BlackElo "1579"]
[PlyCount "86"]

1. d4 Nf6 2. Nf3 d5 3. Bf4 c5 4. e3 Nc6 5. c3 e6 6. Bd3 c4 7. Bc2 Bd6 8. Ne5
Bxe5 9. dxe5 Nd7 10. Ba4 O-O 11. Bxc6 bxc6 12. Bg3 Qb6 13. Qc2 Rb8 14. b4 cxb3
15. axb3 Qxb3 16. Qxb3 Rxb3 17. O-O a6 18. Rc1 Nc5 19. Nd2 Rb2 20. Rd1 Bd7 21.
c4 Ra8 22. cxd5 cxd5 23. Rac1 Nd3 24. Rc7 Ba4 25. Ra1 Rxd2 26. h3 Bb5 27. f3
Kf8 28. Bh4 Nxe5 29. Be1 Re2 30. Bb4+ Ke8 31. Bd6 Nc4 32. Bc5 Nxe3 33. Bxe3
Rxe3 34. Rac1 Bc4 35. Kf2 Re2+ 36. Kg3 Rb2 37. Rg1 a5 38. Kf4 a4 39. Ke5 a3 40.
Kd6 a2 41. Re7+ Kf8 42. Rc1 Ra6+ 43. Kd7 Rb7+ 0-1

[Event "Tournoi Skype 030A"]
[Site "Skype"]
[Date "????.??.??"]
[Round "1.21"]
[White "Espadina Solano, Jaime"]
[Black "Sepulveda, Lyda Marcela"]
[Result "1-0"]
[WhiteElo "1553"]
[BlackElo "1302"]
[PlyCount "89"]

1. e4 e5 2. Nf3 Nc6 3. Bb5 a6 4. Ba4 Nf6 5. d3 b5 6. Bb3 Be7 7. O-O d6 8. a4
Bb7 9. a5 O-O 10. Nc3 Re8 11. Ng5 Rf8 12. Ne2 d5 13. Ng3 Nd4 14. Ba2 c5 15. Bd2
Nc6 16. Nf5 dxe4 17. Nxe4 c4 18. Nxe7+ Qxe7 19. Nxf6+ Qxf6 20. dxc4 Nd4 21. f3
bxc4 22. Bxc4 Qc6 23. Bd3 f5 24. c3 Ne6 25. Qe2 Qd6 26. Bc4 Rad8 27. Be3 Kh8
28. Bb6 Nf4 29. Qe3 Qd2 30. Rf2 Qxe3 31. Bxe3 Nd5 32. Bg5 Nf6 33. Re1 e4 34.
Be6 exf3 35. gxf3 Rde8 36. Ree2 g6 37. Bh6 Rd8 38. Bxf8 Rxf8 39. Rd2 Re8 40.
Bc4 Re1+ 41. Rf1 Re3 42. Rd3 Re5 43. Kf2 Kg7 44. b4 f4 45. Re1 1-0

[Event "Tournoi Skype 030A"]
[Site "Skype"]
[Date "????.??.??"]
[Round "1.22"]
[White "Fernandez Zaldivar, Antonio"]
[Black "Sanchez Ruiz, Justo"]
[Result "1/2-1/2"]
[WhiteElo "1291"]
[BlackElo "1550"]
[PlyCount "80"]

1. e4 e6 2. d3 d5 3. Qe2 Nf6 4. Nf3 Be7 5. g3 O-O 6. e5 Nfd7 7. Bg2 c5 8. O-O
b5 9. c3 a5 10. d4 Ba6 11. Re1 a4 12. h4 Nc6 13. a3 b4 14. Qc2 Nb6 15. axb4
cxb4 16. Ng5 g6 17. Nf3 Bc4 18. Bh3 Re8 19. Bg5 bxc3 20. bxc3 Bb3 21. Qc1 Nc4
22. Bxe7 Qxe7 23. Nbd2 N6a5 24. Bf1 Rec8 25. Be2 Nxd2 26. Nxd2 Nc4 27. Bd1 Bxd1
28. Rxd1 a3 29. Nxc4 Rxc4 30. Rd2 Qc7 31. Rxa3 Rxa3 32. Qxa3 Rxc3 33. Qb4 Rc4
34. Qb2 Qa7 35. Kg2 Kg7 36. Rd3 Qc7 37. Qd2 Qe7 38. Qf4 Rc7 39. Rf3 Rb7 40. Rd3
Rc7 1/2-1/2

[Event "Tournoi Skype 030A"]
[Site "Skype"]
[Date "????.??.??"]
[Round "1.23"]
[White "Khetre, Gaurav"]
[Black "Sauvaget, Joel"]
[Result "1-0"]
[WhiteElo "1540"]
[BlackElo "1290"]
[PlyCount "41"]

1. e4 c5 2. Nc3 d6 3. f4 Nc6 4. Nf3 Nf6 5. Be2 a6 6. O-O e6 7. d4 cxd4 8. Nxd4
Nxd4 9. Qxd4 Be7 10. Be3 O-O 11. Rad1 b5 12. Bf3 Rb8 13. e5 dxe5 14. fxe5 Nd7
15. Qa7 h6 16. Bc6 Bg5 17. Bxg5 hxg5 18. Bxd7 Bxd7 19. Qxd7 Qb6+ 20. Qd4 Rbd8
21. Qxb6 1-0

[Event "Tournoi Skype 030A"]
[Site "Skype"]
[Date "????.??.??"]
[Round "1.24"]
[White "Chavero, Victor"]
[Black "Casey, Eamonn"]
[Result "1/2-1/2"]
[WhiteElo "1286"]
[BlackElo "1538"]
[PlyCount "88"]

1. Nf3 Nf6 2. d4 e6 3. e3 d5 4. c4 Nbd7 5. c5 c6 6. Be2 Be7 7. Nbd2 O-O 8. O-O
b6 9. b4 bxc5 10. bxc5 Rb8 11. Qa4 Qc7 12. Ba3 Ne4 13. Bd3 Ndf6 14. Bxe4 Nxe4
15. Nxe4 dxe4 16. Ne5 Bd7 17. Rab1 f6 18. Nxd7 Qxd7 19. Rb3 Rb5 20. Rxb5 cxb5
21. Qa6 Rb8 22. c6 Qc7 23. Bxe7 Qxe7 24. c7 Qxc7 25. Qxe6+ Qf7 26. Qxe4 Qxa2
27. Qe7 Qf7 28. Qb4 Qc4 29. Qa5 Ra8 30. Qa6 Qa4 31. Qxa4 bxa4 32. Ra1 Rb8 33.
g3 Rb4 34. Rb1 Kf7 35. Kg2 Ke6 36. Kf3 Kd5 37. Ke2 Kc4 38. Kd2 a3 39. Rc1+ Kb3
40. Rc3+ Kb2 41. Rc2+ Ka1 42. Rc1+ Kb2 43. Rc2+ Kb3 44. Rc3+ Ka2 1/2-1/2

[Event "Tournoi Skype 030A"]
[Site "Skype"]
[Date "????.??.??"]
[Round "1.25"]
[White "Alvarez, Juan Evangelista"]
[Black "Graham, Neil"]
[Result "0-1"]
[WhiteElo "1529"]
[BlackElo "1285"]
[PlyCount "108"]

1. d4 Nf6 2. Nf3 e6 3. c4 d5 4. g3 dxc4 5. Qa4+ Nc6 6. Qxc4 Be7 7. Bg2 O-O 8.
O-O Nd5 9. e4 Nb6 10. Qd3 Bf6 11. e5 Bxe5 12. Nxe5 Nxe5 13. Qe4 Nec4 14. b3 Nd6
15. Qe2 c6 16. Nc3 Re8 17. Bb2 Nd5 18. Ne4 b6 19. Rac1 Bb7 20. a4 Nb4 21. Ba3
Ba6 22. Qf3 Nxe4 23. Qxe4 Bxf1 24. Bxf1 Nd5 25. Rxc6 Rc8 26. Bb5 Nc3 27. Qh4
Qxh4 28. gxh4 Nxb5 29. Rxc8 Rxc8 30. axb5 Rc3 31. Bd6 Rxb3 32. Bb8 Ra3 33. Bc7
Ra5 34. Bb8 Kf8 35. Kg2 Ke8 36. Kf3 Kd7 37. Ke4 Kc8 38. Ke5 Rxb5+ 39. Kd6 Kxb8
40. Ke7 Rf5 41. h5 a5 42. Kf8 g6 43. h6 a4 44. Kg7 a3 45. Kxh7 a2 46. Kg7 a1=Q
47. h7 Qxd4+ 48. Kf8 Qh8+ 49. Ke7 Rd5 50. f4 Qxh7 51. f5 f6+ 52. Kxf6 Rxf5+ 53.
Kxe6 Qf7+ 54. Kd6 Qd5+ 0-1

[Event "Tournoi Skype 030A"]
[Site "Skype"]
[Date "????.??.??"]
[Round "1.26"]
[White "Mishra, Sourabh"]
[Black "Saponara, Jose Maria"]
[Result "0-1"]
[WhiteElo "1284"]
[BlackElo "1525"]
[PlyCount "120"]

1. d4 Nf6 2. Nf3 e6 3. e3 b6 4. Bd3 Bb7 5. O-O Be7 6. Nbd2 O-O 7. c3 Re8 8. e4
d6 9. Re1 Bf8 10. e5 dxe5 11. Nxe5 Nbd7 12. Ndf3 c5 13. Bb5 a6 14. Bxd7 Nxd7
15. Qc2 f6 16. Nxd7 Qxd7 17. Qe2 cxd4 18. Nxd4 e5 19. Nf3 Rad8 20. Be3 Qc6 21.
Nh4 g6 22. Rad1 Be7 23. f3 Rd6 24. Qc2 f5 25. Bf2 Re6 26. Qb3 Kg7 27. Qc2 e4
28. fxe4 Bxh4 29. Bxh4 Rxe4 30. Rxe4 Rxe4 31. Bg3 f4 32. Bf2 Kh6 33. Bd4 Qe6
34. Qf2 g5 35. Bxb6 Re2 36. Rd6 Qxd6 37. Qxe2 Qxb6+ 38. Kf1 Qe3 39. Qxe3 fxe3
40. g3 Kh5 41. Ke2 Kg4 42. Kxe3 Kh3 43. a4 Kxh2 44. g4 Kg3 45. b4 Kxg4 46. c4
Kf5 47. b5 Ke5 48. c5 axb5 49. axb5 Kd5 50. Kf3 Kxc5+ 51. Kg4 h6 52. Kh5 Kd4
53. Kxh6 g4 54. b6 g3 55. Kh5 g2 56. Kh4 g1=Q 57. Kh3 Qg5 58. Kh2 Ke3 59. Kh3
Kf3 60. Kh2 Qg2# 0-1

[Event "Tournoi Skype 030A"]
[Site "Skype"]
[Date "????.??.??"]
[Round "1.27"]
[White "Sahrane, Juba"]
[Black "Yeter, Orhan"]
[Result "0-1"]
[WhiteElo "1514"]
[BlackElo "1252"]
[PlyCount "20"]

1. e4 e5 2. Nf3 Nc6 3. d4 exd4 4. Bc4 Nf6 5. e5 d5 6. Bb3 Ne4 7. Nxd4 Bc5 8.
Be3 Nxe5 9. f4 Ng4 10. Nc6 Nxe3 0-1

[Event "Tournoi Skype 030A"]
[Site "Skype"]
[Date "????.??.??"]
[Round "1.28"]
[White "L'Herbon De Lussats , Jean"]
[Black "Lovell, Stan"]
[Result "0-1"]
[WhiteElo "1245"]
[BlackElo "1511"]
[PlyCount "64"]

1. d4 Nf6 2. c4 g6 3. g3 d5 4. Nc3 Bg7 5. Bg2 c6 6. cxd5 cxd5 7. Bf4 O-O 8. e4
dxe4 9. Nxe4 Nd5 10. Ne2 Nc6 11. O-O Nxf4 12. Nxf4 Bxd4 13. Qc1 e6 14. Rd1 Qe7
15. Ne2 Bg7 16. Nd6 Rd8 17. Ne4 Rxd1+ 18. Qxd1 e5 19. a3 Be6 20. b4 Rd8 21. Qa4
Bd7 22. b5 Nd4 23. Nxd4 exd4 24. Rc1 Bf5 25. Nc5 b6 26. Nb7 Rd7 27. Rc8+ Bf8
28. Qxa7 Qe1+ 29. Bf1 Bh3 30. Rxf8+ Kxf8 31. Qa8+ Kg7 32. Nc5 Qxf1# 0-1

[Event "Tournoi Skype 030A"]
[Site "Skype"]
[Date "????.??.??"]
[Round "1.32"]
[White "Trivedi, Viral"]
[Black "Karia, Vijay"]
[Result "1/2-1/2"]
[WhiteElo "1210"]
[BlackElo "1447"]
[PlyCount "41"]

1. b3 d5 2. Bb2 Nf6 3. e3 Bf5 4. Nf3 h6 5. c4 c6 6. Bxf6 exf6 7. a3 Be7 8. Nc3
O-O 9. d4 Re8 10. Bd3 Bxd3 11. Qxd3 dxc4 12. bxc4 Nd7 13. O-O Qc7 14. h3 Rad8
15. Qc2 Nb6 16. c5 Nd7 17. Ne2 g6 18. Nf4 f5 19. a4 Nf6 20. a5 Nd5 21. Nxd5
1/2-1/2

[Event "Tournoi Skype 030A"]
[Site "Skype"]
[Date "????.??.??"]
[Round "1.33"]
[White "Engstrom, Olle"]
[Black "Bendre, Pankaj"]
[Result "0-1"]
[WhiteElo "1438"]
[BlackElo "1182"]
[PlyCount "94"]

1. e4 e5 2. Nf3 Nc6 3. d4 exd4 4. Bc4 d6 5. Nxd4 Ne5 6. Be2 Nf6 7. Nc3 Be7 8.
O-O O-O 9. h3 h6 10. Be3 b6 11. f4 Ned7 12. Nc6 Qe8 13. e5 dxe5 14. fxe5 Nh7
15. Nd5 Bd8 16. Bf4 Nc5 17. Nd4 Bd7 18. Bf3 c6 19. Nc3 Ne6 20. Nxe6 Bxe6 21.
Ne4 Be7 22. Qe2 b5 23. Rfd1 Qc8 24. Nd6 Qc7 25. Qe4 Bd5 26. Rxd5 cxd5 27. Qxd5
Bxd6 28. exd6 Qb6+ 29. Kh2 Nf6 30. Qf5 Rad8 31. Rd1 Rfe8 32. Bxh6 gxh6 33. Qxf6
Re6 34. Qf4 Rexd6 35. Rxd6 Qxd6 36. Qxd6 Rxd6 37. Be4 b4 38. Bd3 Re6 39. Kg3
Re1 40. Kf4 Kg7 41. Be4 f6 42. g4 Rb1 43. b3 Rb2 44. Ke3 Rxa2 45. Kd4 Kf7 46.
Kc4 a5 47. Bc6 Rxc2+ 0-1

[Event "Tournoi Skype 030A"]
[Site "Skype"]
[Date "????.??.??"]
[Round "1.35"]
[White "Sequeda Pimiento, Javier Ricardo"]
[Black "Vello, Pablo"]
[Result "1-0"]
[WhiteElo "1434"]
[BlackElo "1135"]
[PlyCount "67"]

1. e4 e6 2. d4 d5 3. e5 c5 4. c3 Qb6 5. Nf3 Nc6 6. Be2 Bd7 7. O-O Nge7 8. a3
cxd4 9. cxd4 Nf5 10. Nc3 Ncxd4 11. Nxd4 Nxd4 12. Be3 Nxe2+ 13. Qxe2 Qc7 14. Nb5
Qxe5 15. Rac1 Bc6 16. f4 Qb8 17. Bd4 a6 18. Be5 Qc8 19. Nc7+ Kd7 20. Nxa8 Qxa8
21. Qc2 Qa7+ 22. Kh1 f6 23. Bc3 Bd6 24. Bd2 Rc8 25. Qxh7 Bf8 26. Qg6 Re8 27.
Qf7+ Re7 28. Qxf8 Qd4 29. Bb4 Re8 30. Qd6+ Kc8 31. Rxc6+ bxc6 32. Qxc6+ Kd8 33.
Qd6+ Kc8 34. Rc1+ 1-0